Random U.S. State Flags - Statistics

General Stats
  • This quiz has been taken 192 times
  • The average score is 10 of 15
Answer Stats
Picture Answer % Correct
Texas
100%
Arizona
94%
Colorado
94%
South Dakota
94%
Wyoming
90%
Alaska
89%
California
88%
New Mexico
88%
Rhode Island
87%
Maryland
86%
South Carolina
83%
Arkansas
82%
Ohio
80%
Oregon
80%
Washington
80%
Louisiana
79%
Alabama
78%
Oklahoma
77%
Tennessee
76%
Hawaii
74%
Delaware
72%
Mississippi
71%
Utah
71%
Vermont
71%
Nevada
68%
Nebraska
67%
Indiana
61%
Florida
60%
New Jersey
60%
Georgia
59%
Idaho
59%
Minnesota
59%
Kentucky
58%
Kansas
57%
Illinois
56%
Virginia
56%
Maine
55%
Wisconsin
55%
Missouri
54%
North Carolina
53%
New Hampshire
52%
North Dakota
52%
Massachusetts
50%
New York
50%
Michigan
47%
West Virginia
47%
Montana
44%
Iowa
42%
Connecticut
41%
Pennsylvania
38%
No matching quizzes found
Score Distribution
Percent of People with Each Score
Percentile by Number Answered
Your Score History
You have not taken this quiz